| 000 | 04442namaa22004571i 4500 | ||
|---|---|---|---|
| 003 | EG-GICUC | ||
| 005 | 20260409213211.0 | ||
| 008 | 260409s2025 ua a|||frm||| 000 0 eng d | ||
| 040 |
_aEG-GICUC _beng _cEG-GICUC _dEG-GICUC _erda |
||
| 041 | 0 |
_aeng _beng _bara |
|
| 049 | _aDeposit | ||
| 082 | 0 | 4 | _a520.93 |
| 092 |
_a520.93 _221 |
||
| 097 | _aPh.D | ||
| 099 | _aCai01.12.01.Ph.D.2025.Za.R | ||
| 100 | 0 |
_aZeinab Ahmed Mabrouk Affan, _epreparation. |
|
| 245 | 1 | 0 |
_aResonant orbit dynamics and closed loop control of GPS and GEO constellations / _cby Zeinab Ahmed Mabrouk Affan ; Supervisors Prof. Dr. Mohamed Abdelaziz Mohamed Rassem, Prof. Dr. Fawzy Ahmed Abd El-Salam Abd El-Rahman, Dr. Ashraf Hamdy Mohamed Owis, Dr. Wesam Mohammed Kamel Elmahy. |
| 246 | 1 | 5 | _aديناميكيات المدار الرنيني والتحكم المغلق الحلقة للكوكبتان”GPS” و ”GEO” |
| 264 | 0 | _c2025. | |
| 300 |
_a108 pages : _billustrations ; إيض _c25 cm. + _eCD. |
||
| 336 |
_atext _2rda content |
||
| 337 |
_aUnmediated _2rdamedia |
||
| 338 |
_avolume _2rdacarrier |
||
| 502 | _aThesis (Ph.D)-Cairo University, 2025. | ||
| 504 | _aBibliography: pages 104-108. | ||
| 520 | 3 | _aThis thesis aims to address two main studies. The first study aims to understand how resonant geopotential harmonics affect the semi-major axis of GPS orbits. The study uses a second-order approximation to calculate iteratively the impact of higher zonal perturbations. The study also investigates motion around the stable and metastable points using the Poincare method, demonstrating the existence of periodic, quasi-periodic, and chaotic orbits near these positions. In the second study, we explored how to mitigate these geopotential effects through the application of a closed-loop control method applied to GEO satellites. A closed-loop control law is derived analytically and incorporated into the equations of motion in a rotating Cartesian frame of reference. | |
| 520 | 3 | _aهذه الرسالة تقوم علي دراستان, الدراسة الأولي تهدف إلي فهم تأثيرالتوافقيات التثاقليةالمناطقيةوالمربعيةوالقطاعيةالرنينيةلدالةجهدالأرضعلي نصف المحور الرئيسي لمدارات أقمار نظام تحديد المواقع العالميGPS. تم استخدام تقريب من الرتبة الثانية لحساب التأثيرالتكراري للاضطرابات المناطقيةمنرتبعلياعلىنصف المحور الرئيسي. كما تناولت الدراسة تحليل الحركة في محيط النقاط المستقرة وشبة المستقرة باستخدام طريقة بوانكاريه، مما أظهر وجود مدارات دوريةوشبه دوريةوفوضوية بالقرب من تلك المواضع. اما الدراسة الثانية فتدرس كيفية حذف هذه التاثيرات التوافقيات التثاقليةالمناطقيةوالمربعيةوالقطاعيةالرنينيةلدالةجهدالأرضعن طريق استخدام طريقة التحكم المغلق الحلقة وتطبيقها علي كوكبة الGEO . تم إشتقاق قانون التحكم المغلق الحلقة المناسب ثم اضافته في معادلة الحركة المشتقة في الاحداثيات الكارتيزية الدورانية . | |
| 530 | _aIssues also as CD. | ||
| 546 | _aText in English and abstract in Arabic & English. | ||
| 650 | 0 | _aMathematical Astronomy | |
| 650 | 0 | _aالفلك الرياضي | |
| 653 | 1 |
_aResonant orbits _aGravitational harmonic perturbations _aGPS _aGEO _aClosed loop control |
|
| 700 | 0 |
_aMohamed Abdelaziz Mohamed Rassem _ethesis advisor. |
|
| 700 | 0 |
_aFawzy Ahmed Abd El-Salam Abd El-Rahman _ethesis advisor. |
|
| 700 | 0 |
_aAshraf Hamdy Mohamed Owis _ethesis advisor. |
|
| 700 | 0 |
_aWesam Mohammed Kamel Elmahy _ethesis advisor. |
|
| 900 |
_b01-01-2025 _cMohamed Abdelaziz Mohamed Rassem _cFawzy Ahmed Abd El-Salam Abd El-Rahman _cAshraf Hamdy Mohamed Owis _cWesam Mohammed Kamel Elmahy _UCairo University _FFaculty of Science _DDepartment of Astronomy, Space Science and Meteorology |
||
| 905 | _aShimaa | ||
| 942 |
_2ddc _cTH _e21 _n0 |
||
| 999 | _c179359 | ||